[Event "Solingen 3- Köln"]
[Site "?"]
[Date "2023.10.29"]
[Round "3.5"]
[White "Kloss, Henning"]
[Black "Kniest, Oliver"]
[Result "0-1"]
[WhiteElo "2167"]
[BlackElo "2258"]
[PlyCount "116"]
[EventDate "2023.??.??"]

1. d4 Nf6 2. c4 e6 3. g3 d5 4. Nf3 dxc4 5. Bg2 c5 6. O-O Nc6 7. Qa4 Bd7 8. dxc5 Na5 9. Qc2 Bxc5 10. Ne5 O-O 11. Bg5 h6 12. Bxf6 gxf6 13. Nxd7 Qxd7 14. Rd1 Qc7 15. Nc3 Rac8 16. Ne4 Be7 17. Qc3 Kg7 18. Rd4 Qe5 19. f4 Qb5 20. e3 Rfd8 21. Rad1 Rxd4 22. Rxd4 Rd8 23. Rxd8 Bxd8 24. g4 Be7 25. g5 hxg5 26. fxg5 Qe5 27. gxf6+ Bxf6 28. Nxf6 Kxf6 29. Qxe5+ Kxe5 30. Kf2 b5 31. Ke2 b4 32. Kd2 c3+ 33. bxc3 Nc4+ 34. Kd3 bxc3 35. Kxc3 Nxe3 36. Bb7 f5 37. a4 f4 38. Kd3 Kf5 39. Bc8 Ng4 40. h4 Nf6 41. Ke2 Nd5 42. Kf3 Nb6 43. Bb7 Nxa4 44. Be4+ Ke5 45. h5 Nc3 46. Bc2 Nd5 47. h6 Kf6 48. h7 Kg7 49. Bg6 a5 50. Bf7 Nc7 51. Kxf4 Kxh7 52. Bh5 a4 53. Bd1 a3 54. Bb3 Kg6 55. Ke5 Kf7 56. Kd6 Nd5 57. Ke5 Ke7 58. Bc4 Nb4 0-1

[Event "Solingen 3- Köln"]
[Site "?"]
[Date "2023.10.29"]
[Round "3.6"]
[White "Asadzade, Idris"]
[Black "Cramer, Volker"]
[Result "1-0"]
[WhiteElo "2209"]
[BlackElo "2055"]
[PlyCount "73"]
[EventDate "2023.??.??"]

1. c4 e6 2. g3 d5 3. Nf3 Nf6 4. Bg2 Be7 5. O-O O-O 6. d4 Nbd7 7. Qc2 b6 8. cxd5 Nxd5 9. a3 Bb7 10. e4 N5f6 11. Nc3 c5 12. Rd1 cxd4 13. Nxd4 Qc8 14. Bf4 a6 15. Qe2 Bc5 16. Nb3 e5 17. Nxc5 Qxc5 18. Be3 Qe7 19. Nd5 Nxd5 20. exd5 Qd6 21. Rac1 Rac8 22. Rc6 Qb8 23. Rdc1 Bxc6 24. dxc6 Nc5 25. Bxc5 bxc5 26. Rxc5 Rfe8 27. b4 Qd6 28. Be4 Qd4 29. Bf5 Rc7 30. Bd7 Re7 31. Qxa6 g6 32. Qa5 e4 33. Qxc7 Qd1+ 34. Kg2 Qf3+ 35. Kh3 f5 36. Qf4 Qd1 37. c7 1-0

[Event "Solingen 3- Köln"]
[Site "?"]
[Date "2023.10.29"]
[Round "3.7"]
[White "Loseries, Uwe"]
[Black "Borchert, Stephan"]
[Result "1/2-1/2"]
[WhiteElo "2150"]
[BlackElo "2065"]
[PlyCount "88"]
[EventDate "2023.??.??"]

1. d4 Nf6 2. c4 g6 3. Nc3 Bg7 4. e4 d6 5. Nf3 O-O 6. Be2 Na6 7. O-O e5 8. d5 Nc5 9. Nd2 a5 10. Rb1 a4 11. b4 axb3 12. axb3 Bd7 13. Qc2 Nh5 14. Rd1 Nf4 15. Bf1 f5 16. b4 Na4 17. Nb5 fxe4 18. Nxe4 Bf5 19. Ra1 Qd7 20. Be3 Nb6 21. f3 Ra6 22. Qb3 Bxe4 23. fxe4 Rfa8 24. Rxa6 bxa6 25. Nc3 Qg4 26. c5 Nd7 27. Qc2 Bh6 28. Kh1 Nf6 29. Ne2 N6h5 30. Nxf4 exf4 31. Be2 Qh4 32. Bxh5 fxe3 33. Bf3 Bf4 34. g4 Rf8 35. Rf1 Be5 36. Qe2 Rb8 37. cxd6 cxd6 38. Rb1 Rf8 39. Rf1 Rc8 40. g5 Rf8 41. Qg2 Kg7 42. Be2 Rxf1+ 43. Bxf1 Qe1 44. Qh3 e2 1/2-1/2

[Event "Solingen 3- Köln"]
[Site "?"]
[Date "2023.10.29"]
[Round "3.8"]
[White "Fichtner, Ewald"]
[Black "Mandt, Mathias"]
[Result "1-0"]
[WhiteElo "2051"]
[BlackElo "2068"]
[PlyCount "49"]
[EventDate "2023.??.??"]

1. d4 d5 2. Nf3 Nf6 3. c3 e6 4. Bf4 Bd6 5. e3 O-O 6. Nbd2 b6 7. Ne5 c5 8. Qf3 Ba6 9. Bxa6 Nxa6 10. g4 Qc7 11. h4 Nb8 12. h5 Nbd7 13. Qg3 Ne8 14. g5 cxd4 15. exd4 Bxe5 16. Bxe5 Nxe5 17. dxe5 Qb7 18. Rh4 b5 19. h6 g6 20. a4 a5 21. b3 Nc7 22. Qd3 Rfc8 23. axb5 Nxb5 24. c4 Rd8 25. cxb5 1-0

[Event "Brackel 2- Elberfeld"]
[Site "?"]
[Date "2023.10.29"]
[Round "3.1"]
[White "Odendahl, Reiner"]
[Black "Korten, Lando"]
[Result "1/2-1/2"]
[WhiteElo "2282"]
[BlackElo "2161"]
[PlyCount "50"]
[EventDate "2023.??.??"]

1. g3 Nf6 2. Bg2 g6 3. e4 d6 4. d4 Bg7 5. Ne2 O-O 6. O-O e5 7. Nbc3 Re8 8. h3 Nc6 9. Be3 exd4 10. Nxd4 Bd7 11. Re1 Nxd4 12. Bxd4 Bc6 13. Qd2 Nd7 14. Nd5 Bxd5 15. exd5 Bxd4 16. Qxd4 Qf6 17. Qxf6 Nxf6 18. Kf1 g5 19. Rad1 Kg7 20. Rd4 Rac8 21. Ra4 a6 22. Rc4 Rxe1+ 23. Kxe1 Nd7 24. Re4 Ne5 25. Kd2 f5 1/2-1/2

[Event "Brackel 2- Elberfeld"]
[Site "?"]
[Date "2023.10.29"]
[Round "3.2"]
[White "Garbuz, Vitaliy"]
[Black "Dresen, Ulrich"]
[Result "1/2-1/2"]
[WhiteElo "2147"]
[BlackElo "2185"]
[PlyCount "36"]
[EventDate "2023.??.??"]

1. e4 e5 2. Nf3 Nf6 3. Nc3 Nc6 4. d4 exd4 5. Nd5 Nb4 6. Bc4 Nbxd5 7. exd5 Bb4+ 8. Kf1 Bc5 9. Qe1+ Qe7 10. Bg5 O-O 11. Qxe7 Bxe7 12. Nxd4 h6 13. Bh4 d6 14. Re1 Bd8 15. h3 a6 16. g4 Bd7 17. Bb3 Re8 18. Rxe8+ Nxe8 1/2-1/2

[Event "Brackel 2- Elberfeld"]
[Site "?"]
[Date "2023.10.29"]
[Round "3.3"]
[White "Hintze, Helge"]
[Black "Wuebker, Paul- Luca"]
[Result "0-1"]
[WhiteElo "2253"]
[BlackElo "2235"]
[PlyCount "70"]
[EventDate "2023.??.??"]

1. c4 Nf6 2. Nf3 Nc6 3. g3 e6 4. Bg2 Be7 5. O-O O-O 6. d4 d5 7. b3 b6 8. Bb2 Bb7 9. Nc3 dxc4 10. Ne5 Na5 11. Bxb7 Nxb7 12. Nc6 Qd6 13. Nxe7+ Qxe7 14. bxc4 Rfd8 15. Rc1 Qb4 16. Qa4 Qxa4 17. Nxa4 Na5 18. f3 Ne8 19. Kf2 Nd6 20. c5 Ndc4 21. Bc3 b5 22. Bxa5 Nxa5 23. Nc3 b4 24. Nb5 a6 25. Nxc7 Ra7 26. Nxe6 fxe6 27. c6 Rc7 28. Rc5 Rd5 29. Rfc1 b3 30. axb3 Nxb3 31. Rxd5 exd5 32. Rb1 Nxd4 33. Rb8+ Kf7 34. Rb7 Rxb7 35. cxb7 Nc6 0-1

[Event "Brackel 2- Elberfeld"]
[Site "?"]
[Date "2023.10.29"]
[Round "3.4"]
[White "Kracht, Raphael"]
[Black "Kurr, Gerd"]
[Result "1/2-1/2"]
[WhiteElo "2144"]
[BlackElo "2203"]
[PlyCount "85"]
[EventDate "2023.??.??"]

1. e4 c6 2. d3 d5 3. Nd2 dxe4 4. dxe4 Nf6 5. Ngf3 Bg4 6. h3 Bxf3 7. Qxf3 Nbd7 8. g3 e6 9. Bg2 Qc7 10. Nc4 Ne5 11. Qe2 Nxc4 12. Qxc4 Be7 13. a4 O-O 14. O-O Rfd8 15. Re1 Qa5 16. Be3 Nd7 17. Qe2 Bc5 18. Bd2 Bb4 19. c3 Be7 20. Bf4 e5 21. Be3 Qc7 22. Qc4 a5 23. h4 b6 24. b4 axb4 25. cxb4 Qd6 26. Bh3 Rxa4 27. Rxa4 b5 28. Qa2 bxa4 29. Qxa4 Nf6 30. Rc1 Qxb4 31. Qxb4 Bxb4 32. Rxc6 Be7 33. Rc4 h6 34. Kg2 Rb8 35. Ba7 Ra8 36. Bb6 Rb8 37. Be3 Ne8 38. Kf3 Bf8 39. Ra4 g6 40. Ra5 Bg7 41. h5 gxh5 42. Ra6 Nc7 43. Rc6 1/2-1/2

[Event "Brackel 2- Elberfeld"]
[Site "?"]
[Date "2023.10.29"]
[Round "3.5"]
[White "Noetzel, Frank"]
[Black "Stemmler, Fabian"]
[Result "1/2-1/2"]
[WhiteElo "2200"]
[BlackElo "2148"]
[PlyCount "39"]
[EventDate "2023.??.??"]

1. f4 d5 2. d3 Nf6 3. Nf3 e6 4. g3 Be7 5. Bg2 O-O 6. O-O c5 7. Nc3 d4 8. Ne4 Nc6 9. Nxf6+ Bxf6 10. Nd2 Bd7 11. Ne4 Be7 12. c4 f5 13. Nf2 Bf6 14. Rb1 Qc7 15. a3 a5 16. b3 Rae8 17. Bd2 e5 18. Qc2 exf4 19. Bxf4 Be5 20. Nh3 1/2-1/2

[Event "Brackel 2- Elberfeld"]
[Site "?"]
[Date "2023.10.29"]
[Round "3.6"]
[White "Kartsev, Nikolay"]
[Black "Tymura, Achim"]
[Result "0-1"]
[WhiteElo "2074"]
[BlackElo "2036"]
[PlyCount "74"]
[EventDate "2023.??.??"]

1. e4 c5 2. c3 Nf6 3. e5 Nd5 4. d4 cxd4 5. Nf3 e6 6. cxd4 d6 7. Bd3 Nc6 8. O-O dxe5 9. dxe5 Be7 10. Qe2 O-O 11. Rd1 Qc7 12. a3 Rd8 13. Bd2 Na5 14. b4 Nb3 15. Ra2 Nxd2 16. Raxd2 Bd7 17. Qe4 g6 18. Nd4 a5 19. b5 Rac8 20. Rc2 Qb8 21. Qe1 Qa7 22. Bc4 Be8 23. Bxd5 Rxc2 24. Nxc2 Rxd5 25. Rxd5 exd5 26. Qd2 Bxb5 27. Nc3 Bc6 28. Nxd5 Bxd5 29. Qxd5 Qb6 30. Qa2 Bc5 31. Ne1 a4 32. Qc2 Qb5 33. Nf3 Bxa3 34. Qc8+ Kg7 35. h4 Qd5 36. e6 Qd1+ 37. Kh2 Bd6+ 0-1

[Event "Brackel 2- Elberfeld"]
[Site "?"]
[Date "2023.10.29"]
[Round "3.7"]
[White "Werbeck, Torsten"]
[Black "Gerlach, Felix"]
[Result "1/2-1/2"]
[WhiteElo "1997"]
[BlackElo "2101"]
[PlyCount "67"]
[EventDate "2023.??.??"]

1. d4 Nf6 2. Nf3 e6 3. c4 c5 4. d5 exd5 5. cxd5 d6 6. Nc3 g6 7. e4 Bg7 8. h3 O-O 9. Bd3 b5 10. Bxb5 Nxe4 11. Nxe4 Qa5+ 12. Nfd2 Qxb5 13. Nxd6 Qa6 14. N2c4 Nd7 15. O-O Ne5 16. Nxc8 Raxc8 17. Nxe5 Bxe5 18. Qc2 Bh2+ 19. Kxh2 Qxf1 20. b3 Qa6 21. Bf4 Qf6 22. Qc1 Qd4 23. d6 c4 24. d7 Qxd7 25. bxc4 Rc5 26. Qb2 Rfc8 27. Rc1 Rxc4 28. Bh6 f5 29. Rd1 Qc7+ 30. g3 Rc2 31. Qd4 Rxa2 32. Qd5+ Qf7 33. Qd8+ Qe8 34. Qd5+ 1/2-1/2

[Event "Brackel 2- Elberfeld"]
[Site "?"]
[Date "2023.10.29"]
[Round "3.8"]
[White "Bartelt, Max"]
[Black "Falk, Thomas"]
[Result "1-0"]
[WhiteElo "2059"]
[BlackElo "1513"]
[PlyCount "57"]
[EventDate "2023.??.??"]

1. d4 e6 2. Nf3 f5 3. c4 c6 4. Nc3 d5 5. Bf4 Nf6 6. e3 Be7 7. Bd3 O-O 8. O-O Ne4 9. Ne5 Nd7 10. cxd5 exd5 11. f3 Nxe5 12. Bxe5 Nxc3 13. bxc3 Bd6 14. c4 Be6 15. cxd5 Bxd5 16. Qc2 Bxe5 17. dxe5 g6 18. Rad1 Qc7 19. f4 Rad8 20. h4 Qg7 21. e4 fxe4 22. Bxe4 Bxe4 23. Qxe4 Qe7 24. h5 Rxd1 25. Rxd1 Qf7 26. e6 Qxf4 27. Qxf4 Rxf4 28. Rd8+ Rf8 29. e7 1-0

[Event "Lasker Köln - Bielefeld"]
[Site "?"]
[Date "2023.11.19"]
[Round "4.1"]
[White "Forchert, Martin"]
[Black "Paris, Michael"]
[Result "0-1"]
[WhiteElo "2315"]
[BlackElo "2128"]
[PlyCount "70"]
[EventDate "2023.??.??"]

1. e4 e5 2. Nf3 Nc6 3. Bb5 a6 4. Bxc6 dxc6 5. O-O Bg4 6. h3 Bh5 7. g4 Bg6 8. Nxe5 Qh4 9. Qf3 f6 10. Nxg6 hxg6 11. Kg2 Bd6 12. d4 Ne7 13. Rh1 g5 14. Nc3 Qh7 15. Kf1 Qg8 16. Be3 O-O-O 17. Rd1 Kb8 18. Rd3 Ng6 19. Qd1 Bf4 20. b3 Qe6 21. Qf3 Qe7 22. Qd1 Rde8 23. Ke2 b5 24. Kd2 b4 25. Na4 Qxe4 26. Nc5 Qg2 27. Kc1 Qxf2 28. Bxf4 Nxf4 29. Rd2 Qe3 30. Kb1 Nd5 31. Na4 Rxh3 32. Rxh3 Qxh3 33. Re2 Re3 34. Rxe3 Nxe3 35. Qe1 Qf1 0-1

[Event "Lasker Köln - Bielefeld"]
[Site "?"]
[Date "2023.11.19"]
[Round "4.2"]
[White "Wiekert, Martin"]
[Black "Simon, Hans Christian"]
[Result "1/2-1/2"]
[WhiteElo "2222"]
[BlackElo "2151"]
[PlyCount "99"]
[EventDate "2023.??.??"]

1. Nf3 d5 2. e3 Nf6 3. c4 e6 4. Nc3 Be7 5. b3 O-O 6. Bb2 c5 7. cxd5 Nxd5 8. Qc2 Nc6 9. a3 b6 10. h4 f5 11. Nxd5 exd5 12. d4 Kh8 13. Be2 Be6 14. O-O Rc8 15. dxc5 bxc5 16. h5 h6 17. Rfd1 Qe8 18. Qd2 Rb8 19. Ne5 Nxe5 20. Bxe5 Rxb3 21. e4 Bf6 22. Bxf6 Rxf6 23. exd5 Bd7 24. Bf3 Rxf3 25. gxf3 Qxh5 26. Qf4 Bb5 27. Qb8+ Kh7 28. Qxb5 Qh3 29. Qe8 Rg6+ 30. Qxg6+ Kxg6 31. d6 Qxf3 32. d7 Qg4+ 33. Kf1 Qc4+ 34. Ke1 Qe4+ 35. Kd2 Qd4+ 36. Kc2 Qc4+ 37. Kb2 Qb5+ 38. Kc3 Qa5+ 39. Kc4 Qa4+ 40. Kxc5 Qa5+ 41. Kd4 Qa4+ 42. Ke5 Qe4+ 43. Kd6 Qf4+ 44. Kc6 Qc4+ 45. Kb7 Qb5+ 46. Kxa7 Qa5+ 47. Kb7 Qb5+ 48. Kc8 Qc6+ 49. Kd8 Qb6+ 50. Kc8 1/2-1/2

[Event "Lasker Köln - Bielefeld"]
[Site "?"]
[Date "2023.11.19"]
[Round "4.3"]
[White "Goessling, Guido"]
[Black "Nagel, Bernhard"]
[Result "1/2-1/2"]
[WhiteElo "2184"]
[BlackElo "2142"]
[PlyCount "96"]
[EventDate "2023.??.??"]

1. e4 c6 2. d4 d5 3. Nc3 dxe4 4. Nxe4 Bf5 5. Ng3 Bg6 6. h4 h6 7. Nf3 e6 8. Ne5 Bh7 9. Bd3 Bxd3 10. Qxd3 Nf6 11. Bd2 Be7 12. O-O-O Nbd7 13. f4 Qc7 14. f5 Nxe5 15. dxe5 Qxe5 16. fxe6 Qd5 17. Qxd5 Nxd5 18. exf7+ Kxf7 19. Rhf1+ Nf6 20. Nf5 h5 21. Bc3 Rad8 22. Rde1 Bf8 23. Rf3 Kg6 24. Re6 Kf7 25. Nxg7 Bxg7 26. Rexf6+ Bxf6 27. Bxf6 Ke6 28. Bxh8 Rxh8 29. Rg3 a6 30. Rg5 Rf8 31. Kd2 Rf2+ 32. Kd3 b6 33. a4 a5 34. b3 Kd6 35. c3 Kc7 36. g3 Rf3+ 37. Kd4 Kd6 38. Rg6+ Kc7 39. Rg5 Kd6 40. b4 axb4 41. cxb4 Ra3 42. a5 bxa5 43. bxa5 c5+ 44. Kc4 Rxa5 45. Rxh5 Ra4+ 46. Kb3 Rg4 47. Rg5 Rxg5 48. hxg5 Ke6 1/2-1/2

[Event "Lasker Köln - Bielefeld"]
[Site "?"]
[Date "2023.11.19"]
[Round "4.4"]
[White "Fox, Daniel"]
[Black "Winkler, Yonathan"]
[Result "1-0"]
[WhiteElo "2180"]
[BlackElo "1982"]
[PlyCount "65"]
[EventDate "2023.??.??"]

1. e4 c5 2. Nf3 Nc6 3. c3 d5 4. exd5 Qxd5 5. d4 Bg4 6. dxc5 Qxd1+ 7. Kxd1 e5 8. b4 Nf6 9. Kc2 Bf5+ 10. Kb2 O-O-O 11. Bb5 Ng4 12. Be3 g6 13. h3 Nxe3 14. fxe3 f6 15. Nbd2 h5 16. e4 Be6 17. Bc4 Kd7 18. Rad1 g5 19. Nb3+ Ke7 20. Bxe6 Kxe6 21. b5 Rxd1 22. Rxd1 Ne7 23. Rd6+ Kf7 24. Rd7 g4 25. Nfd2 gxh3 26. gxh3 Ke6 27. Rxb7 Nc8 28. Nc4 Rg8 29. Rc7 Rg2+ 30. Kb1 Rg1+ 31. Kc2 Rg2+ 32. Kd1 Bxc5 33. Nxc5# 1-0

[Event "Lasker Köln - Bielefeld"]
[Site "?"]
[Date "2023.11.19"]
[Round "4.5"]
[White "Forchert, Niko"]
[Black "Kloss, Henning"]
[Result "1-0"]
[WhiteElo "2135"]
[BlackElo "2167"]
[PlyCount "79"]
[EventDate "2023.??.??"]

1. d4 Nf6 2. Nf3 d5 3. c3 c6 4. Bf4 Bf5 5. Nbd2 h6 6. h3 e6 7. Qb3 Qb6 8. e3 Nbd7 9. Be2 Ne4 10. Nxe4 Bxe4 11. O-O Be7 12. Nd2 g5 13. Bg3 Bg6 14. c4 Qxb3 15. Nxb3 a5 16. Nd2 h5 17. f4 h4 18. Bh2 Bh5 19. Bxh5 Rxh5 20. cxd5 exd5 21. e4 Bb4 22. Rad1 Bxd2 23. Rxd2 dxe4 24. Re2 f5 25. fxg5 Rxg5 26. Ref2 Ke7 27. Rxf5 Rxf5 28. Rxf5 Ke6 29. Rh5 Nf6 30. Rxh4 Kd5 31. Be5 Nd7 32. Kf2 Nxe5 33. dxe5 Kd4 34. Rh7 Rf8+ 35. Ke2 b5 36. e6 Rf6 37. Rd7+ Ke5 38. e7 Re6 39. Ke3 c5 40. h4 1-0

[Event "Lasker Köln - Bielefeld"]
[Site "?"]
[Date "2023.11.19"]
[Round "4.6"]
[White "Cramer, Volker"]
[Black "Beilfuss, Wilfried"]
[Result "0-1"]
[WhiteElo "2055"]
[BlackElo "2039"]
[PlyCount "88"]
[EventDate "2023.??.??"]

1. d4 Nf6 2. Bg5 e6 3. e4 h6 4. Bxf6 Qxf6 5. c3 d6 6. Nd2 g6 7. Bd3 Bg7 8. Ne2 Nd7 9. O-O O-O 10. f4 Qe7 11. a4 a5 12. Nc4 b6 13. Qd2 Bb7 14. Rf2 Rfd8 15. Bc2 d5 16. exd5 Bxd5 17. Ne5 c5 18. Qe3 Nf6 19. h3 Rac8 20. Re1 Bb7 21. Qg3 Ne4 22. Bxe4 Bxe4 23. Qe3 Bc2 24. Ra1 Qe8 25. dxc5 bxc5 26. Nc4 Rd3 27. Qc1 Rd1+ 28. Qxd1 Bxd1 29. Nd6 Qd7 30. Nxc8 Bxe2 31. Rxe2 Qxc8 32. Rd1 Qc7 33. Re4 c4 34. Rd2 Bf6 35. Kf2 Qc6 36. Rde2 Qxa4 37. Rd2 Qc6 38. Re1 a4 39. Ra1 Be7 40. Kg3 Bd6 41. Rad1 Bc7 42. Kg4 Qe4 43. Rf2 g5 44. Rd4 Qf5+ 0-1

[Event "Lasker Köln - Bielefeld"]
[Site "?"]
[Date "2023.11.19"]
[Round "4.7"]
[White "Roemhild, Marcus"]
[Black "Loseries, Uwe"]
[Result "0-1"]
[WhiteElo "2036"]
[BlackElo "2150"]
[PlyCount "74"]
[EventDate "2023.??.??"]

1. c4 Nf6 2. Nf3 g6 3. d4 Bg7 4. e3 O-O 5. Be2 d6 6. b4 c6 7. Nc3 Nbd7 8. O-O e5 9. dxe5 Nxe5 10. Nxe5 dxe5 11. Qc2 Bf5 12. e4 Be6 13. Be3 Qc7 14. Rfd1 Rfd8 15. h3 Nd7 16. Rac1 Nf8 17. b5 Bc8 18. Rxd8 Qxd8 19. Qa4 Qe8 20. bxc6 Qxc6 21. Qd1 Ne6 22. Nd5 Kh8 23. Bg4 Nd4 24. Bxc8 Qxc8 25. c5 Qd7 26. Nc3 Rc8 27. Nd5 h5 28. Bg5 Qb5 29. Rb1 Qa6 30. Qd2 Rxc5 31. Be7 Rc4 32. Qg5 b5 33. Bf6 Ne6 34. Bxg7+ Nxg7 35. Qxe5 Qxa2 36. Rxb5 Rc8 37. Rb7 Rf8 0-1

[Event "Lasker Köln - Bielefeld"]
[Site "?"]
[Date "2023.11.19"]
[Round "4.8"]
[White "Fohler, Claus"]
[Black "Doering, Carsten"]
[Result "1-0"]
[WhiteElo "2254"]
[BlackElo "2006"]
[PlyCount "91"]
[EventDate "2023.??.??"]

1. d4 Nf6 2. Nc3 e6 3. e4 d5 4. e5 Nfd7 5. Nf3 c5 6. a3 cxd4 7. Qxd4 Nc6 8. Qf4 a6 9. Bd3 Qc7 10. Nxd5 exd5 11. e6 Nde5 12. exf7+ Kd8 13. O-O Nxf3+ 14. Qxf3 Be6 15. Bg5+ Kc8 16. Rfe1 Qxf7 17. Rxe6 Qxf3 18. gxf3 Kd7 19. Re3 Bd6 20. Bf5+ Kc7 21. Rd1 h6 22. Bh4 Rhf8 23. Rxd5 Bf4 24. Rb3 Ne5 25. Be4 Rae8 26. Bg3 g5 27. Ra5 Nc6 28. Rc5 Kd6 29. Rd5+ Kc7 30. Rc3 Kb6 31. Rd7 Rxe4 32. fxe4 Ne5 33. Rb3+ Kc6 34. Rdxb7 Nf3+ 35. Kg2 Ne1+ 36. Kf1 Nxc2 37. Ra7 Ne3+ 38. Ke2 Ng4 39. Rxa6+ Kc5 40. Bxf4 Rxf4 41. f3 Nf6 42. Ra5+ Kc6 43. Ra6+ Kc5 44. Rbb6 Nd7 45. Rxh6 Kb5 46. Rag6 1-0

[Event "Dinslaken - Münster 2"]
[Site "?"]
[Date "2023.11.19"]
[Round "4.1"]
[White "Weidemann, Jakob"]
[Black "Sonnenschein, Philipp"]
[Result "0-1"]
[WhiteElo "2118"]
[BlackElo "2201"]
[PlyCount "120"]
[EventDate "2023.??.??"]

1. e4 c6 2. d4 d5 3. Nd2 dxe4 4. Nxe4 Nf6 5. Nxf6+ exf6 6. c3 Bd6 7. Bd3 O-O 8. Qc2 Re8+ 9. Ne2 h5 10. O-O h4 11. h3 Nd7 12. Bd2 Nf8 13. Rae1 Bd7 14. Nf4 Qc7 15. Nh5 Qa5 16. Bf4 Bxf4 17. Nxf4 Rxe1 18. Rxe1 Qxa2 19. Re7 Re8 20. Rxe8 Bxe8 21. Qe2 Bd7 22. Bc4 Qb1+ 23. Kh2 Qf5 24. Qe3 Ne6 25. Nxe6 Bxe6 26. Bd3 Qg5 27. f4 Qh6 28. c4 g6 29. Qf3 Qf8 30. d5 cxd5 31. cxd5 Bd7 32. g3 Qb4 33. gxh4 Qxb2+ 34. Kg3 Qd4 35. Kh2 f5 36. h5 Kg7 37. hxg6 fxg6 38. Bf1 b5 39. Kg3 b4 40. Qe2 Kf7 41. Qa6 Qe3+ 42. Kg2 Qxf4 43. Qxa7 Qd2+ 44. Kg1 Qxd5 45. Bc4 Qxc4 46. Qxd7+ Kf6 47. Qd6+ Qe6 48. Qxb4 Qe3+ 49. Kh2 Qe5+ 50. Kg1 Qg3+ 51. Kf1 Qxh3+ 52. Kf2 Qh2+ 53. Kf3 Qh1+ 54. Kf2 Qe4 55. Qf8+ Kg5 56. Qg8 Qd4+ 57. Kg2 f4 58. Qf7 Qe4+ 59. Kf2 f3 60. Kg3 Qe1+ 0-1

[Event "Dinslaken - Münster 2"]
[Site "?"]
[Date "2023.11.19"]
[Round "4.2"]
[White "Sielecki, Christof"]
[Black "Junk, Phillip"]
[Result "1/2-1/2"]
[WhiteElo "2414"]
[BlackElo "2116"]
[PlyCount "27"]
[EventDate "2023.??.??"]

1. Nf3 d5 2. g3 c5 3. Bg2 Nc6 4. d4 Nf6 5. O-O e6 6. c4 dxc4 7. Ne5 Bd7 8. Nxc4 cxd4 9. Bf4 Be7 10. Qb3 O-O 11. Qxb7 Rc8 12. Ne5 Nb4 13. Nxd7 Qxd7 14. Na3 1/2-1/2

[Event "Dinslaken - Münster 2"]
[Site "?"]
[Date "2023.11.19"]
[Round "4.3"]
[White "Schroeder, Lennart"]
[Black "Ossig, Rainer"]
[Result "1/2-1/2"]
[WhiteElo "2046"]
[BlackElo "2183"]
[PlyCount "45"]
[EventDate "2023.??.??"]

1. Nf3 d5 2. g3 Nf6 3. Bg2 c5 4. O-O e6 5. b3 Be7 6. Bb2 O-O 7. c4 Nc6 8. cxd5 Nxd5 9. Nc3 Nf6 10. Rc1 Qa5 11. Qc2 Bd7 12. Rfd1 Rac8 13. Qb1 Rfd8 14. d4 cxd4 15. Nxd4 Nxd4 16. Rxd4 Bc6 17. Rxd8+ Qxd8 18. Bxc6 Rxc6 19. Nb5 Rxc1+ 20. Qxc1 a6 21. Nc3 h6 22. Qf4 Qd6 23. Qxd6 1/2-1/2

[Event "Dinslaken - Münster 2"]
[Site "?"]
[Date "2023.11.19"]
[Round "4.4"]
[White "Graeber, Ralf"]
[Black "Virnyi, Julius"]
[Result "0-1"]
[WhiteElo "2172"]
[BlackElo "2109"]
[PlyCount "54"]
[EventDate "2023.??.??"]

1. d4 Nf6 2. Nc3 d5 3. Bf4 c5 4. e3 cxd4 5. exd4 e6 6. Nf3 Nc6 7. Ne5 Bd7 8. Be2 a6 9. O-O Be7 10. Qd3 O-O 11. Rad1 Rc8 12. Qh3 b5 13. a3 b4 14. Nxc6 Rxc6 15. axb4 e5 16. Qh4 Ne4 17. Qh5 Nxc3 18. dxe5 Nxd1 19. Rxd1 Rxc2 20. Bd3 g6 21. Qh6 Rxb2 22. h4 Qb6 23. Be3 Qxb4 24. h5 Qg4 25. hxg6 hxg6 26. Rc1 Bf5 27. f3 Qxg2# 0-1

[Event "Dinslaken - Münster 2"]
[Site "?"]
[Date "2023.11.19"]
[Round "4.5"]
[White "Boesel, Alexander"]
[Black "Brockhaus, Philip"]
[Result "0-1"]
[WhiteElo "1989"]
[BlackElo "1971"]
[PlyCount "100"]
[EventDate "2023.??.??"]

1. e4 c6 2. d4 d5 3. e5 c5 4. Nf3 cxd4 5. Nxd4 Nc6 6. Bb5 Bd7 7. e6 fxe6 8. Nf3 g6 9. O-O Bg7 10. Re1 Nf6 11. Nbd2 O-O 12. Nb3 Ne4 13. c3 Nxf2 14. Qe2 Ng4 15. h3 Qb6+ 16. Kh1 Nf2+ 17. Kh2 Qc7+ 18. g3 Ne4 19. Rg1 Rxf3 20. Qxf3 Rf8 21. Qe3 Ne5 22. Be2 Rf2+ 23. Rg2 Nf3+ 24. Bxf3 Qxg3+ 25. Kg1 Rxf3 26. Rxg3 Rxg3+ 27. Qxg3 Nxg3 28. Be3 b6 29. a4 Nf5 30. Bf2 e5 31. a5 d4 32. axb6 axb6 33. Ra6 d3 34. Bxb6 e4 35. Kf1 e3 36. Ra8+ Kf7 37. Ke1 Be5 38. Bxe3 Nxe3 39. Rd8 Bf5 40. Nc5 Bd6 41. Nxd3 Nc4 42. Ke2 Bxh3 43. b3 Bg4+ 44. Kf2 Nd2 45. Ne5+ Bxe5 46. Rxd2 Bxc3 47. Rc2 Ba5 48. b4 Bf5 49. Rb2 Bb6+ 50. Kf3 h5 0-1

[Event "Dinslaken - Münster 2"]
[Site "?"]
[Date "2023.11.19"]
[Round "4.6"]
[White "Kleff, Andre"]
[Black "Kamp, Adrian"]
[Result "1/2-1/2"]
[WhiteElo "2101"]
[BlackElo "2017"]
[PlyCount "41"]
[EventDate "2023.??.??"]

1. d4 Nf6 2. Bf4 g6 3. e3 Bg7 4. h3 d5 5. Nf3 O-O 6. Be2 c5 7. c3 Nc6 8. Nbd2 Nd7 9. O-O e5 10. dxe5 Ndxe5 11. Nxe5 Nxe5 12. Nf3 Nc6 13. Qb3 Qb6 14. Qxb6 axb6 15. Bc7 d4 16. cxd4 cxd4 17. Bxb6 dxe3 18. Bxe3 Bxb2 19. Rab1 Bf6 20. Bc4 Bf5 21. Rb6 1/2-1/2

[Event "Dinslaken - Münster 2"]
[Site "?"]
[Date "2023.11.19"]
[Round "4.7"]
[White "Kamp, Aaron"]
[Black "Riekenbrauk, Joerg"]
[Result "1-0"]
[WhiteElo "1964"]
[BlackElo "1876"]
[PlyCount "137"]
[EventDate "2023.??.??"]

1. e4 c6 2. c4 d5 3. cxd5 cxd5 4. exd5 Nf6 5. Qa4+ Nbd7 6. Nc3 g6 7. Nf3 Bg7 8. Bc4 O-O 9. Qb3 Qb6 10. O-O Qxb3 11. Bxb3 Nb6 12. Re1 Re8 13. d6 exd6 14. Rxe8+ Nxe8 15. Ng5 d5 16. Nxd5 Nxd5 17. Bxd5 Nd6 18. d3 h6 19. Ne4 Nf5 20. Nc3 Ne7 21. Bf3 Nc6 22. Be3 Nd4 23. Bxd4 Bxd4 24. Nb5 Bf6 25. Rc1 Bxb2 26. Rb1 Bf6 27. Nc7 Rb8 28. Na6 Ra8 29. Nc7 Rb8 30. Na6 Ra8 31. a3 Bf5 32. Rxb7 Re8 33. h3 Bd4 34. Bd5 Re1+ 35. Kh2 Bc8 36. Rb4 Be5+ 37. f4 Bxa6 38. fxe5 Rxe5 39. Bc4 Ra5 40. Bxa6 Rxa6 41. a4 Re6 42. a5 Re5 43. Ra4 Rd5 44. d4 f5 45. a6 Rd6 46. Kg3 Kf7 47. Kf4 Ke6 48. g3 g5+ 49. Ke3 Rb6 50. Ra3 Kd5 51. Kd3 f4 52. gxf4 gxf4 53. Ra5+ Ke6 54. Ke4 f3 55. d5+ Kd6 56. Kxf3 Rb4 57. Kg3 Rc4 58. h4 h5 59. Ra3 Rg4+ 60. Kh3 Rb4 61. Rg3 Kxd5 62. Rg5+ Kc6 63. Rxh5 Kb6 64. Rh6+ Kb5 65. h5 Rb1 66. Rg6 Rb4 67. h6 Rf4 68. h7 Rf1 69. Kg2 1-0

[Event "Elberfelder - Brühl"]
[Site "?"]
[Date "2023.11.19"]
[Round "4.1"]
[White "Keller, Thomas"]
[Black "Odendahl, Reiner"]
[Result "1/2-1/2"]
[WhiteElo "2257"]
[BlackElo "2282"]
[PlyCount "35"]
[EventDate "2023.??.??"]

1. d4 Nf6 2. c4 e6 3. Nf3 Bb4+ 4. Nbd2 O-O 5. g3 d5 6. Bg2 c6 7. O-O b6 8. a3 Be7 9. Qc2 Nbd7 10. e4 Ba6 11. Re1 Rc8 12. b4 dxc4 13. Nxc4 c5 14. bxc5 bxc5 15. Qa4 Bxc4 16. Qxc4 cxd4 17. Qxd4 Bc5 18. Qd3 1/2-1/2

[Event "Elberfeld - Brühl"]
[Site "?"]
[Date "2023.11.19"]
[Round "4.2"]
[White "Volkov, Mykyta"]
[Black "Gramb, Marius"]
[Result "1-0"]
[WhiteElo "2267"]
[BlackElo "2226"]
[PlyCount "89"]
[EventDate "2023.??.??"]

1. d4 Nf6 2. c4 e6 3. Nc3 Bb4 4. Qc2 O-O 5. a3 Bxc3+ 6. Qxc3 d5 7. Nf3 dxc4 8. Qxc4 b6 9. Bg5 Ba6 10. Qc1 Nbd7 11. e4 Bxf1 12. Rxf1 Qe8 13. Qc6 Rc8 14. O-O-O h6 15. Bh4 g5 16. Bg3 Nb8 17. Qc2 Qc6 18. Rfe1 Rfd8 19. h4 Qxc2+ 20. Kxc2 g4 21. Ne5 h5 22. f3 gxf3 23. gxf3 c5 24. dxc5 Rxc5+ 25. Kb1 Rcc8 26. Bf4 Rxd1+ 27. Rxd1 Kf8 28. Bg5 Ng8 29. Bd2 Nc6 30. Nxc6 Rxc6 31. Bb4+ Kg7 32. Rg1+ Kh7 33. Bf8 Rc7 34. Rg7+ Kh8 35. Rg5 Ne7 36. Bg7+ Kh7 37. Be5 Rd7 38. Rg7+ Kh8 39. Rxf7+ Kg8 40. Rg7+ Kf8 41. Bf6 Rc7 42. f4 Rc4 43. Rxe7 Rxe4 44. Rxa7 Rxf4 45. Bg5 1-0